Anexionismo y resistencia : (Registro nro. 7992)

Detalles MARC
000 -LIDER
fixed length control field 02247nam a2200361 a 4500
001 - NÚMERO DE CONTROL
Identificador de número de control
003 - IDENTIFICACDOR DE NÚMERO DE CONTROL
control field DO-SdBNP
005 - DATE AND TIME OF LATEST TRANSACTION
control field 20220114115512.0
007 - CAMPOS FIJOS DE DESCRIPCIÓN FÍSICA
fixed length control field 000001943
008 - ELEMENTOS DE LONGITUD FIJA
fixed length control field 090630s2007 dr ac 000 0 spa d
020 ## - ISBN
Canceled/invalid ISBN 9789945406535
040 ## - FUENTE DE CATALOGACIÓN
Agencia que crea de manera original el registro BPMSU
Idioma de catalogación spa
Agencia que realiza la transcripción BPMSU
082 #4 - NÚMERO DE CLASIFICACIÓN DECIMAL DE DEWEY
Classification number 327.7307293
Item number N964a, 2007
Edition number 22
092 ## - LOCALLY ASSIGNED DEWEY DECIMAL CALL NUMBER
Número de clasificación
100 1# - ASIENTO PRINCIPAL -- NOMBRE PERSONAL
Nombre personal Núñez Polanco, Diómedes,
Fechas asociadas con el nombre 1952-
245 10 - MENCIÓN DE TITULO
Título Anexionismo y resistencia :
Subtítulo relaciones domínico-norteamericanas en tiempos de Grant, Báez y Luperón /
Mención de responsabilidad Diómedes Núñez Polanco ; edición Tomás Castro Burdiez.
250 ## - MENCIÓN DE EDICION
Mención de edición 3a ed.
260 ## - PUBLICACIÓN, DISTRIBUCIÓN, ETC. (PIE DE IMPRENTA)
Lugar de publicación, distribución, etc Santo Domingo :
Nombre del editor, distribuidor, etc. Alfa & Omega,
Fecha de publicación, distribución, etc 2007.
300 ## - DESCRIPCIÓN FÍSICA
Extensión 303 p. :
Otros detalles físicos il., retrs. ;
Dimensiones 23 cm.
500 ## - NOTA GENERAL
Nota general Incluye datos biográficos del autor el la contracubierta
504 ## - NOTA DE BIBLIOGRAFÍA, ETC.
Bibliography, etc Incluye referencias bibliográficas y notas
505 1# - NOTA DE CONTENIDO
Título Introducción --
-- Antecedentes del proyecto de anexión --
-- Contexto internacional --
-- Proyecto de anexión --
-- Grant y la posición de la clase dirigente norteamericana a la Anexión --
-- La primera gran intervención militar norteamericana --
-- Ideología y política exterior de otros países --
-- Summer: vocero de sectores políticos y económicos estadounidenses --
-- Situación socio-económica: entre el préstamo Hartmont y la Anexión --
-- Concesiones y donaciones a Fabens, Cazneau y otros aventureros ---
-- Contradicciones e intereses en la burocracia norteamericana --
-- Plebiscito fraudulento y el caso del general Hungría --
-- La resistencia --
-- Del pacto de San Marcos al gobierno provisional --
-- El telégrafo ante los tribunales --
-- La guerra patria de los seis años --
-- La comisión investigadora de 1871 --
-- Fracaso del proyecto anexionista --
-- Conclusiones --
-- Bibliografía
590 ## - NOTA LOCAL
Enlace Inventariado, 2022/VM
651 #4 - ENCABEZAMIENTO DE MATERIA--NOMBRE GEOGRÁFICO
Nombre geográfico República Dominicana
Subdivisión temática general Política y gobierno
Subdivisión cronológica Siglo XIX
651 #4 - ENCABEZAMIENTO DE MATERIA--NOMBRE GEOGRÁFICO
Nombre geográfico República Dominicana
Subdivisión temática general Anexión a los Estados Unidos.
651 #4 - ENCABEZAMIENTO DE MATERIA--NOMBRE GEOGRÁFICO
Nombre geográfico República Dominicana
Subdivisión temática general Relaciones exteriores
Subdivisión geográfica Estados Unidos.
651 #4 - ENCABEZAMIENTO DE MATERIA--NOMBRE GEOGRÁFICO
Nombre geográfico República Dominicana
Subdivisión temática general Historia
Subdivisión cronológica 1865-1916
700 1# - ASIENTO SECUNDARIO -- NOMBRE PERSONAL
Nombre personal Castro Burdiez, Tomás,
Mención de responsabilidad ed.
910 ## - VALIDACIÓN
Validación VMateo V.
942 ## - ADDED ENTRY ELEMENTS (KOHA)
Source of classification or shelving scheme Dewey Decimal Classification
Koha item type Libros
945 ## - INFORMACIÓN DE PROCESAMIENTO LOCAL
Información de procesamiento local Inventariado / 2017 VM
956 ## - LOCAL ELECTRONIC LOCATION AND ACCESS (OCLC)
Nombre de host VMATEO
Número de acceso 10
Información de compresión 20150722
Inicio de sesión BPMSU
Procesador de solicitud 00151
Existencias
Withdrawn status Lost status Source of classification or shelving scheme Damaged status Not for loan Collection code Home library Current library Date acquired Total Checkouts Full call number Barcode Date last seen Price effective from Koha item type
    Dewey Decimal Classification     Colección Dominicana Biblioteca Pública Metropolitana Salomé Ureña Biblioteca Pública Metropolitana Salomé Ureña 07/22/2015   BPMSU CD 327.7307293 N964a 2007 BPMSU15070320 07/22/2015 07/22/2015 Libros